| 000 | 00749nam a2200217 a 4500 | ||
|---|---|---|---|
| 001 | BRCA_3826 | ||
| 005 | 20190320204434.0 | ||
| 008 | 950828s1995----cc-a#####c---s010-0#eng-u | ||
| 020 | _a0964861402 | ||
| 041 | _aeng | ||
| 044 | _acc | ||
| 050 | 4 |
_aN554.7 _b.L69 1995 |
|
| 245 | 1 | 0 |
_aLowe Art Museum _bSelected Works : Handbook of the Permanent Collection. |
| 260 |
_aHong Kong _bLowe Art Museum _c1995 |
||
| 300 |
_a176 p. _bil. a color _c23 cm. |
||
| 500 | _aIncluye listado de los donantes de arte | ||
| 500 | _aCatálogo publicado con motivo del 45 aniversario del Lowe Art Museum de la Universidad de Miami | ||
| 610 | 2 | 4 |
_aLowe Art Museum _vCatálogos _xColecciones de arte _99962 |
| 650 | 1 | 4 |
_aArte _vCatálogos _zFlorida _92011 |
| 942 |
_2lcc _cB |
||
| 999 |
_c3555 _d3555 |
||